| 000 | 01203pam a2200301 a 4500 | ||
|---|---|---|---|
| 999 |
_c7245 _d7245 |
||
| 001 | 2502950 | ||
| 003 | OSt | ||
| 005 | 20210922093902.0 | ||
| 008 | 920303s1992 enka b 001 0 eng | ||
| 010 | _a 92005531 | ||
| 020 | _a0521431913 (hardback) | ||
| 040 |
_aDLC _cDDC _dDLC |
||
| 050 | 0 | 0 |
_aTA1522 _b.I84 1992 |
| 082 | 0 | 0 | _a621.317ISL1992 |
| 100 | 1 |
_aIslam,Mohammed N; _914880 |
|
| 245 | 1 | 0 |
_aUltrafast fiber switching devices and systems . _cEdited by Islam,Mohammed N; |
| 260 |
_aNew York. _bCambridge University Press, _c1992. |
||
| 300 |
_axiv,210p. _bill. ; _c24 cm. |
||
| 440 | 0 |
_aCambridge studies in modern optics ; _v12 _914881 |
|
| 500 | _a"AT&T." | ||
| 504 | _aIncludes; bibliographical references (p. [200]-207) and index. | ||
| 650 | 0 |
_aPhysics _9809 |
|
| 856 | 4 | 2 |
_3Publisher description _uhttp://www.loc.gov/catdir/description/cam025/92005531.html |
| 856 | 4 | 1 |
_3Table of contents _uhttp://www.loc.gov/catdir/toc/cam028/92005531.html |
| 906 |
_a7 _bcbc _corignew _d1 _eocip _f19 _gy-gencatlg |
||
| 942 |
_2ddc _cO_SHELF |
||